Premier League Winners Tile Select - Statistics

General Stats
  • This quiz has been taken 192 times
  • The average score is 36 of 48
Answer Stats
Question Tile Select % Correct
Premier League / Football League Winners Brentford No
100%
Premier League / Football League Winners Arsenal Yes
99%
Premier League / Football League Winners Barnsley No
99%
Premier League / Football League Winners Chelsea Yes
99%
Premier League / Football League Winners Cardiff City No
97%
Premier League / Football League Winners Leyton Orient No
97%
Premier League / Football League Winners Manchester City Yes
97%
Premier League / Football League Winners Bradford City No
96%
Premier League / Football League Winners Liverpool Yes
96%
Premier League / Football League Winners Brighton & Hove Albion No
95%
Premier League / Football League Winners Manchester United Yes
95%
Premier League / Football League Winners Oldham Athletic No
94%
Premier League / Football League Winners Middlesbrough No
93%
Premier League / Football League Winners Charlton Athletic No
92%
Premier League / Football League Winners Coventry City No
92%
Premier League / Football League Winners Crystal Palace No
92%
Premier League / Football League Winners Fulham No
92%
Premier League / Football League Winners Leicester City Yes
91%
Premier League / Football League Winners Norwich City No
90%
Premier League / Football League Winners Blackburn Rovers Yes
88%
Premier League / Football League Winners Birmingham City No
86%
Premier League / Football League Winners Reading No
83%
Premier League / Football League Winners Swansea City No
83%
Premier League / Football League Winners Watford No
81%
Premier League / Football League Winners Aston Villa Yes
80%
Premier League / Football League Winners Blackpool No
79%
Premier League / Football League Winners Bolton Wanderers No
77%
Premier League / Football League Winners Wimbledon No
77%
Premier League / Football League Winners Stoke City No
76%
Premier League / Football League Winners Queens Park Rangers No
75%
Premier League / Football League Winners Newcastle United Yes
71%
Premier League / Football League Winners Nottingham Forest Yes
71%
Premier League / Football League Winners Southampton No
71%
Premier League / Football League Winners Everton Yes
70%
Premier League / Football League Winners Leeds United Yes
69%
Premier League / Football League Winners Tottenham Hotspur Yes
68%
Premier League / Football League Winners West Ham United No
53%
Premier League / Football League Winners Preston North End Yes
52%
Premier League / Football League Winners Sheffield Wednesday Yes
52%
Premier League / Football League Winners Wolverhampton Wanderers Yes
52%
Premier League / Football League Winners Derby County Yes
51%
Premier League / Football League Winners Sunderland Yes
43%
Premier League / Football League Winners Burnley Yes
41%
Premier League / Football League Winners Sheffield United Yes
40%
Premier League / Football League Winners Huddersfield Town Yes
39%
Premier League / Football League Winners West Bromwich Albion Yes
38%
Premier League / Football League Winners Ipswich Town Yes
35%
Premier League / Football League Winners Portsmouth Yes
25%
No matching quizzes found
Score Distribution
Percent of People with Each Score
Percentile by Number Answered
Your Score History
You have not taken this quiz